Industrialization in Malaysia (Record no. 416)
[ view plain ]
| 000 -LEADER | |
|---|---|
| fixed length control field | 01538nam a2200373 a 4500 |
| 082 04 - DEWEY DECIMAL CLASSIFICATION NUMBER | |
| Classification number | 382/.6 |
| 100 1# - MAIN ENTRY--AUTHOR NAME | |
| Personal name | Alavi, Rokiah, |
| 245 10 - TITLE STATEMENT | |
| Title | Industrialization in Malaysia |
| 260 ## - PUBLICATION, DISTRIBUTION, ETC. (IMPRINT) | |
| Place of publication | London ; |
| -- | New York : |
| Name of publisher | Routledge, |
| Year of publication | 1996. |
| 300 ## - PHYSICAL DESCRIPTION | |
| Number of Pages | xviii, 213 p. : |
| Other physical details | ill. |
| 490 1# - SERIES STATEMENT | |
| Series statement | Routledge studies in the growth economies of Asia ; |
| 650 #0 - SUBJECT ADDED ENTRY--TOPICAL TERM | |
| Topical Term | Import substitution |
| Topical Term | Export marketing |
| Topical Term | Tariff |
| Topical Term | New business enterprises |
| Topical Term | Industrial policy |
| Topical Term | Industrial policy |
| 856 40 - ELECTRONIC LOCATION AND ACCESS | |
| Uniform Resource Identifier | http://site.ebrary.com/lib/rucke/Doc?id=10007382 |
No items available.
